000 00277nam a22001337a 4500
008 170503b xxu||||| |||| 00| 0 eng d
020 _a0314063641
041 _aeng
080 _a343.9
100 _a13
101 _aSHJ
245 _aCRMINOLOGY
_cHEINER.R
942 _2udc
_cBK
999 _c12519
_d12519